Corrección de los ejercicios sobre el compendio de gramática francesa (Registro nro. 76509)
[ vista simple ]
| 000 -ENCABEZADO | |
|---|---|
| Número de control [NR] | 01370nam a2200277Ia 4500 |
| 005 - FECHA Y HORA DE LA ÚLTIMA TRANSACCIÓN | |
| control field | 20200923113121.0 |
| 008 - DE LONGITUD FIJA DE DATOS DE ELEMENTOS - INFORMACIÓN GENERAL | |
| Elementos de longitud fija [NR] | 130821s1866 fr fr 1 spa |
| 040 ## - FUENTE DE CATALOGACION [NR] | |
| Agencia de catalogación original [NR] | Co-BoUCM |
| Idioma de catalogación [NR] | spa |
| Quien Cataloga | Sandra Yazo |
| Quien Clasifica | Sandra Yazo |
| 041 1# - CODIGO DE IDIOMA [R] | |
| Código de idioma para texto/pista de sonido o título separado [R] | Español |
| Language code of original and/or intermediate translations of text | fre |
| 082 04 - NUMERO DE CLASIFICACION DECIMAL DEWEY [R] | |
| Número de clasificación [R] | 445 |
| Número de la edición [NR] | 20 |
| 092 ## - SIGNATURA TOPOGRAFICA LOCAL | |
| Número de clasificación local | E15N012 |
| 100 1# - ASIENTO PRINCIPAL--NOMBRE PERSONAL [NR] | |
| Nombre personal [NR] | Sommer, Edouard |
| Fechas asociadas con el nombre [NR] | 1822-1866 |
| ID Autoridad | 92816 |
| 245 14 - MENCION DE TITULO [NR] | |
| Título [NR] | Corrección de los ejercicios sobre el compendio de gramática francesa |
| Mención de responsabilidad, etc. [NR] | por E. Sommer |
| 246 13 - FORMA VARIANTE DEL TITULO [R] | |
| Título propiamente dicho/forma breve del título [NR] | Método uniforme para la enseñanza de las lenguas |
| 260 ## - PUBLICACION, DISTRIBUCION, ETC. (PIE DE IMPRENTA) [R] | |
| Lugar de publicación, distribución, etc. [R] | París (Francia) |
| Nombre del editor, distribuidor, etc. [R] | Librería de L. Hachette y C. |
| Fecha de publicación, distribución, etc. [R] | 1866 |
| 300 ## - DESCRIPCION FISICA [R] | |
| Extensión [R] | [4], 123 páginas |
| 500 ## - NOTA GENERAL [R] | |
| Nota general [NR] | Detalles físicos: Encuadernación rígida en cartón forrado en papel. Lomos de tela encolada. Pasta con impresión de la portada, con deterioro por humedad. Conserva guardas, anteportada y portada impresa a una sola tinta. Texto impreso a una sola columna. Colección incompleta de esta edición |
| 505 0# - NOTA DE CONTENIDO CON FORMATO PREESTABLECIDO [R] | |
| Nota de contenido con formato preestablecido [NR] | Primera parte elementos del lenguaje. ; Segunda parte sintaxis. ; Composiciones |
| 506 ## - NOTA DE RESTRICCIONES DE ACCESO [R] | |
| Condiciones de acceso [NR] | Consulta en sala |
| 520 ## - NOTA DE RESUMEN, ETC. [R] | |
| Nota de sumario, etc. [NR] | Incluye varios ejercicios sobre la gramática francesa |
| 650 #7 - ASIENTO SECUNDARIO DE MATERIA - TERMINO TEMATICO [R] | |
| Término temático o nombre geográfico como elemento de entrada [NR] | Francés |
| Subdivisión de forma [R] | Ejercicios de redacción |
| 9 (RLIN) | 16125 |
| 650 #7 - ASIENTO SECUNDARIO DE MATERIA - TERMINO TEMATICO [R] | |
| Término temático o nombre geográfico como elemento de entrada [NR] | Francés |
| Subdivisión general [R] | Enseñanza |
| 9 (RLIN) | 32508 |
| 650 #7 - ASIENTO SECUNDARIO DE MATERIA - TERMINO TEMATICO [R] | |
| Término temático o nombre geográfico como elemento de entrada [NR] | Francés |
| Subdivisión general [R] | Gramática comparada y general |
| 9 (RLIN) | 16125 |
| 690 ## - ASUNTO AGREGADO LOCAL DE ENTRADA - TÉRMINO TEMÁTICO (OCLC, RLIN) | |
| Acceso temático local | Teoría lingüística |
| 9 (RLIN) | 440 |
| 942 ## - ELEMENTOS DE ENTRADA AGREGADOS (KOHA) | |
| Tipo de ítem principal el descrito en 300a | Libro |
| Tema principal | 12 |
| Edición | 1 |
| Sistema de clasificación | LOCAL |
| Clasificación | E15N012 |
| Suprimido | Perdido | Sistema de clasificación | Dañado | No prestable | Tipo de ítem específico | Ubicación habitual | Ubicación actual | Localización | Fecha de creación | Forma de adquisición | Costo | Signatura topográfica | Código de barras | Última vez visto | Ejemplar | Price effective from | Tipo de ítem |
|---|---|---|---|---|---|---|---|---|---|---|---|---|---|---|---|---|---|
| LOCAL | Libro archivo | Archivo Histórico | Archivo Histórico | Archivo histórico | 28/02/2013 | Donación | 0.00 | E15N012 | L002298 | 15/12/2012 | Ej.1 | 03/02/2013 | Libro |